000 01078nam0a22003131 4500
001 rc\2211335
005 20250623090633.0
035 _a(NLR Aleph) 006696281
090 _a5197491
_c5197491
100 _a20110829d1978 |||y0rusy50 ca
101 0 _arus
102 _aRU
105 _aa z |||||
200 1 _aПортативные осциллографы
_f[Е.К. Блюдин, З.М. Боднар, К.В. Кравченко и др.]
210 _aМосква
_cСов. радио
_d1978
215 _a261 с.
_cил.
_d25
320 _aСписок лит.: с. 254-256 (73 назв.)
320 _aПредм. указ.: с. 257-259
606 _aОсциллографы полупроводниковые
_2psbo
701 1 _aБоднар
_bЗ.М.
701 1 _aКравченко
_bК.В.
701 1 _aБлюдин
_bЕ.К.
_gЕвгений Константинович
801 0 _aRU
_bNLR
_gpsbo
801 1 _aRU
_bELAR
_2rusmarc
852 _aNLR
_j78-7/448
899 _aRuMoRGB
_jБ 78-31/158
899 _aRuMoRGB
_jБ 78-31/159
942 _cBOOK
980 _aNB